Ликворозамещающие растворы для активного дренирования и перфузии ликворосодержащих пространств (Запись № 909211)

Подробности
000 -МАРКЕР
контрольное поле 01544nam0a2200265 4500
001 - ИДЕНТИФИКАТОР ЗАПИСИ
контрольное поле RU\NLR\bibl\161241
005 - ИДЕНТИФИКАТОР ВЕРСИИ
контрольное поле 20260407021508.0
035 ## - ДРУГИЕ СИСТЕМНЫЕ НОМЕРА
Идентификатор записи (NLR Aleph) 000158158
100 ## - ДАННЫЕ ОБЩЕЙ ОБРАБОТКИ
Данные общей обработки 20010607d1996 |||y0rusy50 ca
101 0# - ЯЗЫК РЕСУРСА
Язык текста, звукозаписи и т.д. русский
102 ## - СТРАНА ПУБЛИКАЦИИ ИЛИ ПРОИЗВОДСТВА
Страна публикации российская федерация
105 ## - ПОЛЕ КОДИРОВАННЫХ ДАННЫХ: ТЕКСТОВЫЕ МАТЕРИАЛЫ, МОНОГРАФИЧЕСКИЕ
Кодированные данные о монографическом текстовом документе y |||||||||
200 1# - ЗАГЛАВИЕ И СВЕДЕНИЯ ОБ ОТВЕТСТВЕННОСТИ
Основное заглавие Ликворозамещающие растворы для активного дренирования и перфузии ликворосодержащих пространств
Сведения, относящиеся к заглавию Метод. рекомендации N 94/122
Первые сведения об ответственности М-во здравоохранения и мед. пром-сти Рос. Федерации, [Рос. науч.-исслед. нейрохирург. ин-т им. проф. А.Л. Поленова
Последующие сведения об ответственности Подгот. д.б.н. Т.Г. Васильевой и др.]
210 ## - ПУБЛИКАЦИЯ, РАСПРОСТРАНЕНИЕ И ДР.
Место издания, распространения и т.д. СПб.
Имя издателя, распространителя и т. д. Рос. науч.-исслед. нейрохирург. ин-т
Дата издания, распространения и т.д. 1996
215 ## - ФИЗИЧЕСКАЯ ХАРАКТЕРИСТИКА
Специфическое обозначение материала и объем 7, [1] с.
Размеры 20
606 0# - НАИМЕНОВАНИЕ ТЕМЫ КАК ПРЕДМЕТ
Наименование темы Головной мозг
Формальный подзаголовок Методические пособия
Тематический подзаголовок Болезни
-- Хирургическое лечение
-- Применение ликворозамещающих растворов
Системный номер авторитетной/нормативной записи 2208211
Идентификатор авторитетной/нормативной записи RU\NLR\auth\661326629
686 ## - ИНДЕКСЫ ДРУГИХ КЛАССИФИКАЦИЙ
Индекс Р636.77-59
702 #1 - ИМЯ ЛИЦА - ВТОРИЧНАЯ ОТВЕТСТВЕННОСТЬ
Начальный элемент ввода Васильева
Часть имени, кроме начального элемента ввода Т. Г.
Код отношения Прочие
711 12 - НАИМЕНОВАНИЕ ОРГАНИЗАЦИИ - АЛЬТЕРНАТИВНАЯ ОТВЕТСТВЕННОСТЬ
Материалы, к которым относится поле ger
Начальный элемент ввода Fortbuldungstagung für Fachreferentinnen und Fachreferenten des Wirtschaftswissenschaften
Порядковый номер временной организации и / или порядковый номер ее части 5
Дата проведения временной организации 2006
Место проведения временной организации Köln
Графика поля Латинская
Идентификатор авторитетной/нормативной записи RU\NLR\AUTH\8810006462
Системный номер авторитетной/нормативной записи 510436
801 #0 - ИСТОЧНИК ЗАПИСИ
Страна российская федерация
Организация NLR
Дата составления 20010607
Правила каталогизации PSBO
801 #1 - ИСТОЧНИК ЗАПИСИ
Страна российская федерация
Организация NLR
Дата составления 20010607
942 ## - ДОПОЛНИТЕЛЬНЫЕ ЭЛЕМЕНТЫ ЗАПИСИ (АБИС)
Тип экземпляра АБИС Книга
980 ## - КОЛЛЕКЦИЯ
Название коллекции Национальная библиография
Экземпляры
Тип экземпляра Дата поступления Источник поступления Библиотека постоянного хранения Библиотека текущего хранения Место хранения Шифр хранения Штрих-код Статус не для выдачи
Книга 07.06.2001 Дар РНБ (Московский) РНБ (Московский) Русский книжный фонд: издания с 1957 года, 8этаж 2001-4/3944 129594